| 000 | 00763cam a2200229Ia 4500 | ||
|---|---|---|---|
| 020 | _a0934519013 | ||
| 040 | _cWIX | ||
| 082 | _a634 ICR 1987 A036 Co. | ||
| 245 | 0 | 0 |
_aLand, trees and tenure : _bproceedings of an international workshop on tenure issues in agroforestry, Nairobi, May 27-31, 1985 / |
| 260 |
_aNairobi : _bICRAF ; _aMadison : _bLand Tenure Center, _c1987 |
||
| 300 |
_ax, 412 p. : _bill. ; _c23 cm |
||
| 650 | 0 | _aLand tenure | |
| 650 | 0 | _aAgroforestry | |
| 650 | 0 | _aAgroforestry | |
| 650 | 0 | _aLand tenure | |
| 650 | 0 | _aAgricultural development projects | |
| 700 | 1 | _aRaintree, J. B | |
| 710 | 2 | _aFord Foundation | |
| 710 | 2 | _aInternational Council for Research in Agroforestry | |
| 710 | 2 | _aUniversity of Wisconsin--Madison. | |
| 942 | _cEK | ||
| 999 |
_c11366 _d11366 |
||